| 000 | 00391nam a2200121Ia 4500 | ||
|---|---|---|---|
| 008 | 220620s9999||||xx |||||||||||||| ||und|| | ||
| 245 | 0 |
_aAlzheimer's Disease _bChallenges for the Future |
|
| 546 | _aEnglish[eng] | ||
| 650 | _aNeurology & clinical neurophysiology | ||
| 700 | _aZerr, Inga | ||
| 856 | _uhttps://mts.intechopen.com/storage/books/4543/authors_book/authors_book.pdf | ||
| 942 | _cEB | ||
| 999 |
_c31080 _d31080 |
||